Films, de A à Z - Statistiques

Statistiques générales
  • Ce quiz a été pris 129 fois
  • Le résultat moyen est 13 sur 26
Statistiques - réponses
Indices Réponses % Correct
Film avec Edward Norton et Brad Pitt, au sujet de ..... Désolé il est interdit d'en parler Fight Club
87%
Ce film oblige Robin Williams à terminer une partie de jeu de société très risquée débutée des années auparavant Jumanji
83%
Film réunissant Jean Reno et Natalie Portman jouant respectivement un tueur à gages et une jeune fille survivante d'un massacre Léon
80%
Film de Francis Ford Coppola se déroulant pendant la guerre du Vietnam et dont le tournage fut particulièrement difficile Apocalypse now
76%
Film d'Étienne Chatilliez dans lequel deux parents tentent de faire quitter le nid familial à leur enfant de 28 ans Tanguy
70%
Mel Gibson y incarne William Wallace, héros de l'indépendance écossaise Braveheart
68%
Serie de films mettant en scène Hubert Bonisseur de la Bath Oss 117
65%
Basé sur une histoire vraie, il narre la participation d'une équipe jamaïcaine aux jeux olympiques d'hiver Rasta Rocket
65%
Met en scène une super-héroïne campée par Gal Gadot Wonder Woman
64%
Franchise cinématographique dont le héros se nomme Ethan Hunt Mission Impossible
59%
Réplique culte de ce film : "On ne laisse pas Bébé dans un coin" Dirty dancing
57%
Serie de films mettant en scène un slasher nommé Ghostface Scream
51%
Films dont seront dérivés la série Cobra Kai Karate Kid
48%
Comedie française suivant une colonie de vacances agitée sous la responsabilité de Jean Paul Rouve Nos jours heureux
46%
Réunissant une bonne partie de la troupe du Splendid, ce film se déroule durant l'occupation allemande Papy fait de la résistance
44%
Film de Steven Spielberg se déroulant principalement au pays imaginaire Hook
43%
Film se déroulant dans une Angleterre fasciste mettant en scène un justicier combattant le régime sous un masque en l'honneur de Guy Fawkes V pour Vendetta
41%
Film de Quentin Tarantino, dans lequel un groupe de soldats juifs américains tentent d'assassiner des dirigeants nazis Inglourious Basterds
38%
Film américain avec Humphrey Bogart, lauréat de l'oscar du meilleur film en 1943 Casablanca
36%
Version portée au cinéma d'une série à succès mettant en scène deux agents du FBI Xfiles
36%
Comedie américaine dans laquelle une intoxication alimentaire fait tourner un vol à la catastrophe Y a t'il un pilote dans l'avion
27%
Comedie romantique dans laquelle Meg Ryan donne une leçon de simulation à Billy Crystal Quand Harry rencontre Sally
25%
Comedie dans laquelle Ben Stiller joue un mannequin aux capacités intellectuelles limitées Zoolander
24%
Film d'épouvante dans lequel le héros Ash se greffe une tronçonneuse sur l'avant bras Evildead
13%
Georges Clooney et Quentin Tarantino versus les vampires mexicains Une nuit en enfer
13%
Thriller fantastique réalisé par Mathieu Kassovitz, dans lequel Halle Berry joue une psychiatre accusée du meurtre de son mari Gothika
12%
Aucun quiz correspondant
Distribution des résultats
% des personnes avec chaque résultat
Percentile par nombre de réponses
Votre historique - résultats
Vous n’avez pas pris ce quiz